| 000 | 00530nab a2200145Ia 4500 | ||
|---|---|---|---|
| 003 | ES-SlBCS | ||
| 005 | 20210601133648.0 | ||
| 008 | 140529s1969 xxu||||| |||| 00| 0 por d | ||
| 041 | _apor | ||
| 100 | 1 |
_aSoares Gomes, Francisco _9207866 |
|
| 245 | 0 | 2 |
_aA oposiçao do Governo Português ao Syllabus. Documentos da Nunciatura em Lisboa conservados no Arquivo Vaticano _c Francisco Soares Gomes |
| 651 | 4 |
_aPortugal-Oposición al Syllabus _9207867 |
|
| 773 | 0 |
_tBroteria _gvol. 89, nº. 7, 1969, págs. 102-121 _wRev100 |
|
| 942 | _cAR | ||
| 999 |
_c600084 _d600084 |
||